| 000 | 00392nam a22001457a 4500 | ||
|---|---|---|---|
| 005 | 20250604121553.0 | ||
| 008 | 250604b |||||||| |||| 00| 0 eng d | ||
| 020 | _a9780281049059 | ||
| 050 |
_aBV3797 _bTOP |
||
| 245 |
_aTO PROCLAIM AFRESH; _bEVANGELICAL AGENDA FOR THE CHURCH |
||
| 260 |
_aLONDON _bBIDDLES LTD _cc1995 |
||
| 300 | _aix, 161p | ||
| 710 | _aTHE CONTRIBUTORS | ||
| 942 |
_2lcc _cBK _n0 |
||
| 999 |
_c6251 _d6251 |
||